000 00468nam a22001817a 4500
003 OSt
008 230327b |||||||| |||| 00| 0 eng d
020 _a9789332584921
082 _a368.01 REP
100 _aREJDA,George E
245 _aPrinciples of Risk Management and Insurance
250 _a13th Ed
260 _aUP
_bPearson
_c2022
300 _a720
650 _aPrinciples of Risk Management and Insurance
700 _aMCNAMARA,Michael
942 _2ddc
_cREF
999 _c11898
_d11898